[Event "IBCA EU-chT blind 03rd"]
[Site "Genova"]
[Date "2023.04.24"]
[Round "5.4"]
[White "Dyballa, Gerhard"]
[Black "Bursuc, Mihai"]
[Result "1-0"]
[WhiteElo "1912"]
[BlackElo "1808"]
[PlyCount "81"]
[EventDate "2023.04.20"]
[EventType "team-swiss"]
[EventRounds "9"]
[EventCountry "ITA"]
[SourceTitle "CBM 213 Extra"]
[Source "ChessBase"]
[SourceDate "2023.05.31"]
[SourceVersion "1"]
[SourceVersionDate "2023.05.31"]
[SourceQuality "1"]
[WhiteTeam "Germany"]
[BlackTeam "Romania"]
[WhiteTeamCountry "GER"]
[BlackTeamCountry "ROU"]

1. c4 Nf6 2. Nc3 g6 3. e4 d6 4. d4 Bg7 5. Nf3 0-0 6. Be2 e5 7. d5 a5 8. Bg5 h6 9. Bh4 Na6 10. Nd2 Bd7 11. 0-0 Qe8 12. b3 Nh7 13. f3 h5 14. a3 Bh6 15. Bf2 Qe7 16. Kh1 Qg5 17. Ra2 f5 18. Qc2 b6 19. Rb1 Qe7 20. b4 a4 21. Nf1 Nf6 22. Bd3 fxe4 23. Nxe4 Nxe4 24. Bxe4 Bf5 25. Ng3 Qg5 26. Re1 Bxe4 27. Nxe4 Qf5 28. c5 bxc5 29. bxc5 Qd7 30. c6 Qf7 31. Qc4 g5 32. Be3 Qf5 33. Rb2 h4 34. h3 Qg6 35. Qc1 Rf4 36. Bxf4 gxf4 37. Qc4 Kh7 38. Rb7 Rg8 39. Re2 Qf7 40. Qxa6 Qxd5 41. Nf6+ 1-0

[Event "FIDE Disabilities Olym"]
[Site "Belgrade"]
[Date "2023.02.04"]
[Round "?"]
[White "Sahin, Handenur"]
[Black "Bursuc, Mihai"]
[Result "1-0"]
[WhiteElo "1907"]
[BlackElo "1823"]
[PlyCount "63"]
[EventDate "2023.01.30"]
[EventType "team-swiss"]
[EventRounds "6"]
[EventCountry "SRB"]
[SourceTitle "CBM 212 Extra"]
[Source "ChessBase"]
[SourceDate "2023.03.31"]
[SourceVersion "1"]
[SourceVersionDate "2023.03.31"]
[SourceQuality "1"]
[WhiteTeam "Turkey"]
[BlackTeam "Romania"]
[WhiteTeamCountry "TUR"]
[BlackTeamCountry "ROU"]

1. e4 c5 2. Nc3 d6 3. Nge2 Nf6 4. d4 cxd4 5. Nxd4 g6 6. Be3 Bg7 7. f3 0-0 8. Qd2 Nc6 9. 0-0-0 d5 10. Kb1 Nxd4 11. e5 Nxf3 12. gxf3 Nh5 13. Qxd5 Qc7 14. f4 Be6 15. Qg2 Bh6 16. f5 Bxe3 17. fxe6 fxe6 18. Qe4 Bh6 19. Bc4 Ng7 20. Qg4 Rf5 21. Nb5 Qc8 22. Nd4 Rxe5 23. Bb3 Kh8 24. Qg3 Rg5 25. Qh4 Rh5 26. Qxe7 e5 27. Nb5 Qe8 28. Qxe8+ Rxe8 29. Nd6 Rb8 30. Nf7+ Kg8 31. Nxe5+ Ne6 32. Nd7 1-0

[Event "IBCA Wch blind"]
[Site "Seoul"]
[Date "2015.05.15"]
[Round "5"]
[White "Rivas Cabrera, Edgar"]
[Black "Bursuc, Mihai"]
[Result "1-0"]
[WhiteElo "2031"]
[BlackElo "1952"]
[PlyCount "71"]
[EventDate "2015.05.11"]
[EventType "swiss"]
[EventRounds "7"]
[EventCountry "KOR"]
[SourceTitle "CBM 166 Extra"]
[Source "ChessBase"]
[SourceDate "2015.06.18"]
[SourceVersion "1"]
[SourceVersionDate "2015.06.18"]
[SourceQuality "1"]

1. c4 e5 2. Nc3 Bb4 3. Qb3 Nc6 4. Nf3 Ba5 5. g3 f5 6. d3 Nf6 7. Bg2 d6 8. 0-0 Bb6 9. e3 h6 10. Nd5 Nxd5 11. cxd5 Ne7 12. Nd2 0-0 13. Nc4 Ng6 14. Nxb6 axb6 15. f4 Bd7 16. Bd2 Kh8 17. Rac1 h5 18. Qd1 Be8 19. Qxh5+ Kg8 20. Qd1 Rxa2 21. Qb3 Ra7 22. fxe5 Nxe5 23. d4 Ng6 24. Qc2 Rf7 25. Rxf5 Rxf5 26. Qxf5 Ra2 27. Qc2 Nf8 28. Qb3 Ra8 29. Qc4 Rc8 30. e4 c5 31. dxc6+ Bf7 32. c7 Qe7 33. Qb4 Rxc7 34. Qxb6 Ne6 35. Rxc7 Nxc7 36. Qxb7 1-0

[Event "IBCA Wch blind Gr1"]
[Site "Zaragoza"]
[Date "2013.06.16"]
[Round "5"]
[White "Bursuc, Mihai"]
[Black "Meshkov, Yuri A"]
[Result "0-1"]
[WhiteElo "1912"]
[BlackElo "2356"]
[PlyCount "34"]
[EventDate "2013.06.12"]
[EventType "swiss"]
[EventRounds "7"]
[EventCountry "ESP"]
[SourceTitle "EXT 2014"]
[Source "ChessBase"]
[SourceDate "2013.11.20"]
[SourceVersion "1"]
[SourceVersionDate "2013.11.20"]
[SourceQuality "1"]

1. e4 e5 2. Nf3 Nc6 3. d4 exd4 4. Bc4 Nf6 5. e5 d5 6. Bb5 Ne4 7. Nxd4 Bd7 8. Bxc6 bxc6 9. 0-0 Bc5 10. Be3 Bb6 11. Nd2 c5 12. Nxe4 cxd4 13. Bg5 Qc8 14. Ng3 h6 15. Qh5 Bf5 16. Nxf5 Qxf5 17. e6 0-0 0-1

[Event "ROM-ch"]
[Site "Baile Olanesti"]
[Date "2013.02.23"]
[Round "10"]
[White "Bursuc, Mihai"]
[Black "Ciocan, Maria Alexandra"]
[Result "0-1"]
[WhiteElo "1955"]
[BlackElo "1575"]
[PlyCount "110"]
[EventDate "2013.02.16"]
[EventType "swiss"]
[EventRounds "11"]
[EventCountry "ROU"]
[SourceTitle "CBM 153 Extra"]
[Source "ChessBase"]
[SourceDate "2013.04.22"]
[SourceVersion "1"]
[SourceVersionDate "2013.04.22"]
[SourceQuality "1"]

1. e4 e5 2. Nf3 Nc6 3. d4 exd4 4. Bc4 Bc5 5. c3 dxc3 6. Bxf7+ Kxf7 7. Qd5+ Ke8 8. Qxc5 cxb2 9. Bxb2 Nf6 10. 0-0 d6 11. Qg5 Qe7 12. Nc3 Bd7 13. Rfe1 Kd8 14. e5 Ne8 15. exd6 Qxg5 16. dxc7+ Nxc7 17. Nxg5 Kc8 18. Nf7 Rf8 19. Nd6+ Kb8 20. Rad1 Bg4 21. f3 Bh5 22. Nd5 a6 23. Nb6 Rg8 24. Re7 Ra7 25. Rxg7 Rxg7 26. Bxg7 Ne6 27. Bc3 Bg6 28. Ndc4 Nf4 29. Ne5 Ne2+ 30. Kf2 Nxc3 31. Ned7+ Kc7 32. Rd2 Bf5 33. g4 Bxg4 34. Rc2 Bxd7 35. Nxd7 Kxd7 36. Rxc3 Ra8 37. f4 Rf8 38. Kg3 Ne7 39. Rc5 Rf5 40. Rc4 Ra5 41. a4 Nf5+ 42. Kf3 Nd6 43. Rb4 b5 44. axb5 axb5 45. h4 Ra4 46. Rb3 b4 47. Kg4 Nc4 48. f5 Na5 49. Rd3+ Kc6 50. f6 b3+ 51. Kg5 b2 52. f7 b1Q 53. Rd6+ Kc7 54. f8Q Qg1+ 55. Kh5 Qc5+ 0-1

[Event "ROM-ch"]
[Site "Baile Olanesti"]
[Date "2013.02.18"]
[Round "3"]
[White "Georgescu, Tiberiu Marian"]
[Black "Bursuc, Mihai"]
[Result "1-0"]
[WhiteElo "2396"]
[BlackElo "1955"]
[PlyCount "63"]
[EventDate "2013.02.16"]
[EventType "swiss"]
[EventRounds "11"]
[EventCountry "ROU"]
[SourceTitle "CBM 153 Extra"]
[Source "ChessBase"]
[SourceDate "2013.04.22"]
[SourceVersion "1"]
[SourceVersionDate "2013.04.22"]
[SourceQuality "1"]

1. Nf3 Nf6 2. g3 g6 3. b3 Bg7 4. Bb2 c5 5. c4 Nc6 6. Bg2 d6 7. d4 0-0 8. 0-0 Bg4 9. Nbd2 Qc8 10. d5 Nb4 11. a3 Na6 12. Re1 Rb8 13. e4 b5 14. e5 Nd7 15. cxb5 Rxb5 16. Bf1 Rb8 17. h3 Bxf3 18. Nxf3 Qb7 19. Rb1 Nb6 20. Bb5 Nc7 21. Bc6 Qc8 22. exd6 exd6 23. Bxg7 Kxg7 24. Qd3 Qxh3 25. Re7 Qc8 26. Rbe1 Qd8 27. Qc3+ Kg8 28. Qd2 Kg7 29. Kg2 h6 30. Nh2 h5 31. Nf3 Ne6 32. R1xe6 1-0

[Event "ROM-ch"]
[Site "Baile Olanesti"]
[Date "2013.02.17"]
[Round "2"]
[White "Bursuc, Mihai"]
[Black "Teodorescu, Dan"]
[Result "1-0"]
[WhiteElo "1955"]
[BlackElo "1716"]
[PlyCount "87"]
[EventDate "2013.02.16"]
[EventType "swiss"]
[EventRounds "11"]
[EventCountry "ROU"]
[SourceTitle "CBM 153 Extra"]
[Source "ChessBase"]
[SourceDate "2013.04.22"]
[SourceVersion "1"]
[SourceVersionDate "2013.04.22"]
[SourceQuality "1"]

1. e4 e5 2. Nf3 Nc6 3. d4 exd4 4. Bc4 Be7 5. c3 Nf6 6. e5 Ne4 7. 0-0 d5 8. Bb5 dxc3 9. Nxc3 Nxc3 10. bxc3 0-0 11. Qa4 Nb8 12. Be3 c6 13. Bd3 Be6 14. Rab1 Qc7 15. Bg5 h6 16. Qh4 Bxg5 17. Nxg5 b6 18. Qh5 Qe7 19. Nxe6 Qxe6 20. Bf5 g6 21. Bxe6 gxh5 22. Bf5 c5 23. e6 Nc6 24. Rfe1 Ne7 25. exf7+ Kxf7 26. Bh3 Ng6 27. Be6+ Kf6 28. Bxd5 Rae8 29. g3 h4 30. Rbd1 hxg3 31. hxg3 Ne5 32. Kg2 a6 33. Bb7 Re6 34. Bxa6 Ra8 35. Bb7 Ra3 36. Re3 c4 37. Rd2 b5 38. Bc8 Rb6 39. Rd5 Nf7 40. Rf5+ Kg6 41. Re7 Ng5 42. Bd7 Rxa2 43. g4 b4 44. Be8+ 1-0

[Event "ROM-ch"]
[Site "Baile Olanesti"]
[Date "2013.02.16"]
[Round "1"]
[White "Petrisor, Adrian Marian"]
[Black "Bursuc, Mihai"]
[Result "1-0"]
[WhiteElo "2392"]
[BlackElo "1955"]
[PlyCount "103"]
[EventDate "2013.02.16"]
[EventType "swiss"]
[EventRounds "11"]
[EventCountry "ROU"]
[SourceTitle "CBM 153 Extra"]
[Source "ChessBase"]
[SourceDate "2013.04.22"]
[SourceVersion "1"]
[SourceVersionDate "2013.04.22"]
[SourceQuality "1"]

1. e4 c5 2. Nf3 g6 3. d4 cxd4 4. Qxd4 Nf6 5. e5 Nc6 6. Qa4 Nd5 7. Qe4 Nb6 8. Nc3 Bg7 9. Bf4 Bf8 10. Bc1 Bg7 11. Bf4 d5 12. exd6 Bf5 13. dxe7 Bxc3+ 14. bxc3 Bxe4 15. exd8Q+ Rxd8 16. Bb5 0-0 17. 0-0 Nd5 18. Bh6 Rfe8 19. Ng5 Nxc3 20. Nxe4 Rxe4 21. Bd3 Ra4 22. Bd2 Ne2+ 23. Kh1 Ned4 24. Rfe1 Ne6 25. Bc3 a6 26. Bf6 Rc8 27. g3 Nb4 28. a3 Nd5 29. Be5 Nc5 30. Bf1 f6 31. Bg2 Rd8 32. Bb2 f5 33. Rad1 Ne4 34. Kg1 Rd7 35. f3 Nef6 36. Bf1 b5 37. Rd2 Rc7 38. Bg2 Rac4 39. Ree2 Nc3 40. Re6 R7c6 41. Re7 Kf8 42. Ra7 h5 43. Bf1 R4c5 44. Rd8+ Ne8 45. Bc1 Re5 46. Bh6+ Kg8 47. Rg7+ Kh8 48. Rf7 Rce6 49. Bg7+ Kg8 50. Bxe5 Ne2+ 51. Bxe2 Kxf7 52. f4 1-0

[Event "IBCA EU-ch blind 05th"]
[Site "Rhodes"]
[Date "2011.09.07"]
[Round "2"]
[White "Dobierzin, Olaf"]
[Black "Bursuc, Mihai"]
[Result "0-1"]
[WhiteElo "2113"]
[BlackElo "1902"]
[PlyCount "70"]
[EventDate "2011.09.06"]
[EventType "swiss"]
[EventRounds "9"]
[EventCountry "GRE"]
[SourceTitle "CBM 144 Extra"]
[Source "ChessBase"]
[SourceDate "2011.10.28"]
[SourceVersion "1"]
[SourceVersionDate "2011.10.28"]
[SourceQuality "1"]

1. e4 e5 2. Nf3 Nc6 3. Bb5 a6 4. Ba4 Nf6 5. 0-0 Be7 6. Re1 b5 7. Bb3 d6 8. c3 0-0 9. h3 Na5 10. Bc2 d5 11. exd5 e4 12. Ng5 Nxd5 13. Nxe4 f5 14. Ng3 f4 15. Nf1 f3 16. Nh2 fxg2 17. Be4 Bh4 18. Nf3 Bb7 19. d4 Qf6 20. Qc2 Rae8 21. Bxh7+ Kh8 22. Rxe8 Rxe8 23. Ne5 Qxf2+ 24. Qxf2 Bxf2+ 25. Kxf2 Kxh7 26. Nd2 Nf4 27. Ndf3 Nd3+ 28. Nxd3 Bxf3 29. Bf4 Bd5 30. Bxc7 Nc4 31. b3 Rf8+ 32. Kg1 Nd2 33. Nf4 g5 34. Nxg2 Nf3+ 35. Kf2 Nh4+ 0-1